01429nam a2200337 a 4500001001200000003000800012006001900020007001500039008004100054015001000095020001500105020001800120040002100138035002100159050002200180082001300202110003100215245009200246260010800338300002800446490005900474500012800533500002000661533015200681650003000833650003900863655002900902710001700931856012600948999001701074ebr10227091CaPaEBRm u cr cn|||||||||780821r19781976sz s i001 0 eng d aSw*** z9241541253 z9789241541251 aCaPaEBRcCaPaEBR a(OCoLC)66692503914aR123b.W63 1978eb04a610/.1/22 aWorld Health Organization.10aInternational classification of procedures in medicine.nVol. 2h[electronic resource]. aGeneva :bWorld Health Organization ;a[Albany, N.Y. :bdistributed by WHO Publications Centre],c1978. a1 v. (various pagings).0 aInternational classification of procedures in medicine a"Published for trial purposes in accordance with resolution WHA29.35 of the Twenty-ninth World Health Assembly, May, 1976." aIncludes index. aElectronic reproduction.bPalo Alto, Calif. :cebrary,d2013.nAvailable via World Wide Web.nAccess may be limited to ebrary affiliated libraries. 0aMedicinevClassification. 0aClinical medicinevClassification. 7aElectronic books.2local2 aebrary, Inc.40uhttp://site.ebrary.com/lib/rucke/Doc?id=10227091zAn electronic book accessible through the World Wide Web; click to view c27639d27639